00306nam a2200133Ia 4500003000400000005001700004008004100021020001900062040001000081100001900091245004200110260001100152260000900163OSt20240521120852.0170524s9999 xx 000 0 und d a978-0195670011 ciimtu aRamakalyan- A. 0aLinear Circuits: Analysis & Synthesis bOxford c2009